000 00291nam a22001337a 4500
008 170601b xxu||||| |||| 00| 0 eng d
020 _a9781933538730
041 _aeng
080 _a94
100 _a17
101 _aSHH
245 _aIDEAS AND ADVENTURE
_cSEHERR.S.P
942 _2udc
_cBK
999 _c15351
_d15351